000 00842nam a2200289Ia 4500
003 OSt
005 20221006160226.0
006 a|||||r|||| 00| 0
007 ta
008 221006b |||||||| |||| 00| 0 eng d
020 _a9788946053519
_cW36,000
024 _a44,663
037 _bGift, Window on Korea
_cTextual
040 _aEASL
_cEASL
_beng
041 _2eng
_aeng
082 _aY:1.495, Q1
100 _aChoi Joon-Sik
245 0 _aHeart of Korean culture
_b Gyeongju
260 _aPaju
_bHanul Books Korea
_c2011
300 _a304p.
_ccm.
490 _v KEL
650 _a Korea - Dynasty
_9672507
650 _aKorea - The Holy Land
_9672508
700 _a Choe Sandra Tr.
_9672509
942 _hY:1.495, Q1
_cTEXL
_2CC
999 _c1112755
_d1112755